000
00268nam a2200109Ia 4500
008
190906s9999||||xx |||||||||||||| ||und||
100
_a
Tkach, Fang,
245
0
_a
Visual Modelling Technique
260
_a
New York
_b
Addison - Wesley
_c
1996
300
_a
426
942
_c
BK
999
_c
5979
_d
5979